[Event "Warsaw YMCA Autumn-B 221st"]
[Site "Warsaw"]
[Date "2019.11.21"]
[Round "10"]
[White "Kasperski, Marcin"]
[Black "Wojnowski, Jan"]
[Result "0-1"]
[WhiteElo "1638"]
[BlackElo "1676"]
[PlyCount "82"]
[EventDate "2019.09.20"]
[EventType "tourn"]
[EventRounds "13"]
[EventCountry "POL"]
[SourceTitle "CBM 195 Extra"]
[Source "ChessBase"]
[SourceDate "2020.05.31"]
[SourceVersion "1"]
[SourceVersionDate "2020.05.31"]
[SourceQuality "1"]

1. c4 e5 2. g3 f5 3. Bg2 Nc6 4. Nc3 Nf6 5. d3 g6 6. Nf3 Bg7 7. Bg5 h6 8. Bd2 d6 9. e4 g5 10. Nd5 Ne7 11. Nxf6+ Bxf6 12. Bc3 Ng6 13. Nd2 f4 14. Qh5 Kf7 15. Bh3 Bxh3 16. Qxh3 Kg7 17. 0-0-0 a6 18. Rdg1 b5 19. Qf5 Qc8 20. h4 Ne7 21. Qxc8 Raxc8 22. gxf4 exf4 23. hxg5 hxg5 24. Rxg5+ Kf7 25. Rgh5 Bxc3 26. bxc3 Rxh5 27. Rxh5 c6 28. Rh7+ Kf6 29. Rh6+ Ng6 30. Kc2 Kg5 31. Rh7 Ne5 32. cxb5 axb5 33. d4 Ng4 34. Rg7+ Kh5 35. f3 Ne3+ 36. Kd3 Ra8 37. Rd7 d5 38. e5 Rxa2 39. e6 Nc4 40. Nb3 Rf2 41. Rc7 Nb2# 0-1

[Event "Warsaw YMCA Autumn-B 221st"]
[Site "Warsaw"]
[Date "2019.11.06"]
[Round "8"]
[White "Dabrowski, Leszek"]
[Black "Wojnowski, Jan"]
[Result "1/2-1/2"]
[WhiteElo "1851"]
[BlackElo "1676"]
[PlyCount "96"]
[EventDate "2019.09.20"]
[EventType "tourn"]
[EventRounds "13"]
[EventCountry "POL"]
[SourceTitle "CBM 195 Extra"]
[Source "ChessBase"]
[SourceDate "2020.05.31"]
[SourceVersion "1"]
[SourceVersionDate "2020.05.31"]
[SourceQuality "1"]

1. e4 c5 2. Nf3 e6 3. d3 d5 4. Nbd2 Nc6 5. g3 Nge7 6. Bg2 Ng6 7. 0-0 Be7 8. Re1 0-0 9. e5 Qc7 10. Qe2 Bd7 11. c3 Rab8 12. h4 Rfc8 13. h5 Nf8 14. Nf1 b5 15. Bf4 Qb6 16. Rab1 a5 17. N1h2 Rb7 18. Ng4 Rbc7 19. Qd2 d4 20. h6 g6 21. Bg5 Be8 22. Nh4 f5 23. exf6 Bd6 24. Bf4 Bxf4 25. Qxf4 Bf7 26. Nf3 dxc3 27. bxc3 b4 28. Ng5 Nd8 29. Ne3 Qa6 30. d4 c4 31. Nxf7 Nxf7 32. cxb4 axb4 33. Rxb4 c3 34. a4 c2 35. Rc1 Qa5 36. Rb2 Qxa4 37. Be4 Qxd4 38. Rbxc2 Rxc2 39. Rxc2 Rxc2 40. Nxc2 Qd1+ 41. Kg2 Qh5 42. Nd4 e5 43. Qd2 exd4 44. Qxd4 Qe5 45. Qe3 Qxf6 46. Bd5 g5 47. Qb3 Nd7 48. Qa2 Nf8 1/2-1/2

[Event "Warsaw YMCA Autumn-B 221st"]
[Site "Warsaw"]
[Date "2019.10.10"]
[Round "4"]
[White "Sloniewska, Alicja"]
[Black "Wojnowski, Jan"]
[Result "1/2-1/2"]
[WhiteElo "1582"]
[BlackElo "1676"]
[PlyCount "56"]
[EventDate "2019.09.20"]
[EventType "tourn"]
[EventRounds "13"]
[EventCountry "POL"]
[SourceTitle "CBM 195 Extra"]
[Source "ChessBase"]
[SourceDate "2020.05.31"]
[SourceVersion "1"]
[SourceVersionDate "2020.05.31"]
[SourceQuality "1"]

1. d4 Nf6 2. c4 e6 3. Nc3 b6 4. e4 Bb7 5. Bd3 d5 6. cxd5 exd5 7. e5 Ne4 8. Nge2 c5 9. dxc5 Nxc5 10. Bb5+ Nbd7 11. 0-0 a6 12. Bxd7+ Qxd7 13. Nd4 Be7 14. Be3 0-0 15. Rc1 Rfd8 16. Qe2 Ne6 17. Rfd1 Bc5 18. Qc2 Rac8 19. Qb3 b5 20. Nce2 Bxd4 21. Nxd4 Nxd4 22. Bxd4 Rc4 23. Qe3 Rdc8 24. Rxc4 dxc4 25. Rc1 Rd8 26. Bc3 Qd5 27. f3 h6 28. Kf2 Re8 1/2-1/2

[Event "Warsaw YMCA Winter-B 210th"]
[Site "Warsaw"]
[Date "2019.03.07"]
[Round "10"]
[White "Szukalski, Antoni"]
[Black "Wojnowski, Jan"]
[Result "1/2-1/2"]
[WhiteElo "1747"]
[BlackElo "1587"]
[PlyCount "46"]
[EventDate "2019.01.09"]
[EventType "swiss"]
[EventRounds "13"]
[EventCountry "POL"]
[SourceTitle "CBM 189 Extra"]
[Source "ChessBase"]
[SourceDate "2019.06.03"]
[SourceVersion "1"]
[SourceVersionDate "2019.06.03"]
[SourceQuality "1"]

1. d4 d5 2. Nf3 Bf5 3. c4 e6 4. e3 Nf6 5. Nc3 Be7 6. Bd3 Bxd3 7. Qxd3 0-0 8. 0-0 Nbd7 9. e4 dxe4 10. Nxe4 c5 11. Rd1 cxd4 12. Qxd4 Nc5 13. Nxc5 Bxc5 14. Qxd8 Rfxd8 15. Bg5 Be7 16. h3 h6 17. Be3 b6 18. Ne5 Rxd1+ 19. Rxd1 Rc8 20. b3 Kf8 21. Nd7+ Ke8 22. Nxf6+ Bxf6 23. Kf1 Rd8 1/2-1/2

[Event "Warsaw YMCA Winter-B 210th"]
[Site "Warsaw"]
[Date "2019.01.24"]
[Round "3"]
[White "Wojnowski, Jan"]
[Black "Jarmolowski, Tadeusz"]
[Result "1-0"]
[WhiteElo "1587"]
[BlackElo "1680"]
[PlyCount "51"]
[EventDate "2019.01.09"]
[EventType "swiss"]
[EventRounds "13"]
[EventCountry "POL"]
[SourceTitle "CBM 189 Extra"]
[Source "ChessBase"]
[SourceDate "2019.06.03"]
[SourceVersion "1"]
[SourceVersionDate "2019.06.03"]
[SourceQuality "1"]

1. e4 d5 2. exd5 Qxd5 3. Nc3 Qd6 4. d4 Nf6 5. Nf3 a6 6. g3 Bg4 7. Bg2 Nc6 8. 0-0 0-0-0 9. d5 Nb4 10. Bf4 Qc5 11. h3 Bh5 12. Be3 Qa5 13. g4 Bg6 14. Qd4 b6 15. a3 Nxc2 16. b4 Qxd5 17. Nxd5 Nxd4 18. Nxb6+ cxb6 19. Bxd4 Nd5 20. Rac1+ Kb7 21. Ne5 e6 22. Rc6 f6 23. Rxb6+ Kc8 24. Rc1+ Nc7 25. Bb7+ Kb8 26. Nc6# 1-0

[Event "Warsaw YMCA Autumn-C 207th"]
[Site "Warsaw"]
[Date "2018.12.11"]
[Round "13"]
[White "Mazurkiewicz, Wojciech"]
[Black "Wojnowski, Jan"]
[Result "1/2-1/2"]
[WhiteElo "1476"]
[BlackElo "1559"]
[PlyCount "59"]
[EventDate "2018.09.18"]
[EventType "tourn"]
[EventRounds "13"]
[EventCountry "POL"]
[SourceTitle "EXT 2021"]
[Source "ChessBase"]
[SourceDate "2020.10.23"]
[SourceVersion "1"]
[SourceVersionDate "2020.10.23"]
[SourceQuality "1"]

1. e4 c5 2. c3 e6 3. d4 d5 4. e5 Nc6 5. Nf3 Be7 6. Bd3 Qb6 7. 0-0 Bd7 8. Bc2 f6 9. Re1 h6 10. Bg6+ Kd8 11. exf6 Bxf6 12. Ne5 Nxe5 13. dxe5 Be7 14. Nd2 Bg5 15. Nf3 Bxc1 16. Qxc1 Ne7 17. Qc2 Bc6 18. Rad1 Rf8 19. b3 Kc7 20. c4 d4 21. Be4 Bxe4 22. Qxe4 Qc6 23. Qg4 Rf7 24. b4 b6 25. b5 Qd7 26. Qe4 Raf8 27. Re2 Kb8 28. a4 Qb7 29. Qg4 Qd7 30. Qe4 1/2-1/2

[Event "Warsaw YMCA Autumn-C 207th"]
[Site "Warsaw"]
[Date "2018.12.05"]
[Round "12"]
[White "Wojnowski, Jan"]
[Black "Szumigaj, Marcin"]
[Result "1/2-1/2"]
[WhiteElo "1559"]
[BlackElo "1427"]
[PlyCount "48"]
[EventDate "2018.09.18"]
[EventType "tourn"]
[EventRounds "13"]
[EventCountry "POL"]
[SourceTitle "EXT 2021"]
[Source "ChessBase"]
[SourceDate "2020.10.23"]
[SourceVersion "1"]
[SourceVersionDate "2020.10.23"]
[SourceQuality "1"]

1. e4 c6 2. d4 d5 3. exd5 cxd5 4. Bd3 Nc6 5. c3 Nf6 6. Bf4 Bg4 7. Nf3 e6 8. h3 Bxf3 9. Qxf3 Bd6 10. 0-0 0-0 11. Re1 Rc8 12. Nd2 Qc7 13. Bxd6 Qxd6 14. Qe3 Rfd8 15. f4 Nh5 16. Rf1 g6 17. Rae1 Ng7 18. g4 Re8 19. Nf3 a6 20. Re2 b5 21. a3 Na5 22. Qe5 Nc4 23. Bxc4 Qxe5 24. fxe5 bxc4 1/2-1/2

[Event "Warsaw YMCA Autumn-C 207th"]
[Site "Warsaw"]
[Date "2018.11.27"]
[Round "11"]
[White "Wiktorowski, Janusz"]
[Black "Wojnowski, Jan"]
[Result "0-1"]
[WhiteElo "1447"]
[BlackElo "1559"]
[PlyCount "68"]
[EventDate "2018.09.18"]
[EventType "tourn"]
[EventRounds "13"]
[EventCountry "POL"]
[SourceTitle "EXT 2021"]
[Source "ChessBase"]
[SourceDate "2020.10.23"]
[SourceVersion "1"]
[SourceVersionDate "2020.10.23"]
[SourceQuality "1"]

1. e4 c5 2. Nf3 d6 3. h3 Nf6 4. e5 dxe5 5. Nxe5 Qc7 6. Bb5+ Nbd7 7. d4 a6 8. Bxd7+ Nxd7 9. Nxd7 Bxd7 10. Nc3 e6 11. 0-0 Be7 12. dxc5 Bxc5 13. Qg4 0-0-0 14. a4 g5 15. Qe2 h6 16. Ne4 Bb6 17. b4 Qe5 18. Be3 Qxe4 19. c4 Bc6 20. Qg4 Bxe3 21. Qxe4 Bxe4 22. fxe3 f5 23. b5 Rd2 24. Rf2 Rxf2 25. Kxf2 axb5 26. axb5 Kc7 27. c5 Rd8 28. g4 Rd2+ 29. Ke1 Rh2 30. Ra8 Rxh3 31. b6+ Kc6 32. Rc8+ Kb5 33. gxf5 Rxe3+ 34. Kd2 Rd3+ 0-1

[Event "Warsaw YMCA Autumn-C 207th"]
[Site "Warsaw"]
[Date "2018.11.23"]
[Round "10"]
[White "Wojnowski, Jan"]
[Black "Rak, Jacek"]
[Result "1/2-1/2"]
[WhiteElo "1559"]
[BlackElo "1428"]
[PlyCount "82"]
[EventDate "2018.09.18"]
[EventType "tourn"]
[EventRounds "13"]
[EventCountry "POL"]
[SourceTitle "EXT 2021"]
[Source "ChessBase"]
[SourceDate "2020.10.23"]
[SourceVersion "1"]
[SourceVersionDate "2020.10.23"]
[SourceQuality "1"]

1. e4 c6 2. Nf3 d5 3. Nc3 Nf6 4. exd5 cxd5 5. d4 Bg4 6. Be2 e6 7. 0-0 Nc6 8. h3 Bh5 9. Ne5 Bxe2 10. Nxe2 Nxe5 11. dxe5 Nd7 12. f4 Bc5+ 13. Kh1 Qc7 14. Qd3 Bb6 15. c3 Nc5 16. Qf3 Ne4 17. Ng3 Nxg3+ 18. Qxg3 g6 19. Be3 0-0-0 20. Rac1 Kb8 21. Qf2 Bxe3 22. Qxe3 Rc8 23. Rfd1 Rhd8 24. Rd4 Qb6 25. Qe2 Qxd4 26. cxd4 Rxc1+ 27. Kh2 Rdc8 28. Qb5 a6 29. Qd7 R1c7 30. Qd6 Ka7 31. a4 Rc6 32. Qe7 R8c7 33. Qd8 b6 34. b4 Kb7 35. a5 h5 36. h4 Ka7 37. Qf8 Rb7 38. Kh3 Rc3+ 39. Kh2 Rc4 40. Kh3 Rbc7 41. Qd6 R4c6 1/2-1/2

[Event "Warsaw YMCA Autumn-C 207th"]
[Site "Warsaw"]
[Date "2018.09.21"]
[Round "7"]
[White "Kwiek, Janusz"]
[Black "Wojnowski, Jan"]
[Result "1-0"]
[WhiteElo "1590"]
[BlackElo "1559"]
[PlyCount "99"]
[EventDate "2018.09.18"]
[EventType "tourn"]
[EventRounds "13"]
[EventCountry "POL"]
[SourceTitle "EXT 2021"]
[Source "ChessBase"]
[SourceDate "2020.10.23"]
[SourceVersion "1"]
[SourceVersionDate "2020.10.23"]
[SourceQuality "1"]

1. Nf3 d5 2. d4 Bf5 3. Bf4 e6 4. e3 Bd6 5. Bxd6 Qxd6 6. Bd3 Ne7 7. 0-0 0-0 8. Bxf5 exf5 9. Nbd2 Nd7 10. c4 f4 11. e4 dxe4 12. Nxe4 Qg6 13. Re1 Rfe8 14. Qd2 Qb6 15. Re2 Ng6 16. Rae1 Rad8 17. Nc3 Nf6 18. Rxe8+ Rxe8 19. Rxe8+ Nxe8 20. c5 Qe6 21. d5 Qd7 22. Qe2 Nf6 23. Ne5 Qe8 24. Nxg6 Qxe2 25. Nxe2 hxg6 26. Nc3 Kf8 27. Kf1 Ke7 28. Ke2 b6 29. b4 bxc5 30. bxc5 Nd7 31. Na4 Kf6 32. Kd3 Ke5 33. Kc4 g5 34. f3 f5 35. Nb2 Kf6 36. Kd4 Ke7 37. Nd3 Kf6 38. h3 g6 39. Nb4 Nb8 40. a4 a5 41. Nd3 Nd7 42. Nc1 g4 43. hxg4 fxg4 44. fxg4 Kg5 45. Nd3 Nf8 46. Ke5 Kxg4 47. c6 g5 48. d6 cxd6+ 49. Kxd6 Nh7 50. c7 1-0

[Event "Warsaw YMCA Spring-B 199th"]
[Site "Warsaw"]
[Date "2018.06.08"]
[Round "9"]
[White "Wojnowski, Jan"]
[Black "Szukalski, Antoni"]
[Result "0-1"]
[WhiteElo "1576"]
[BlackElo "1750"]
[PlyCount "120"]
[EventDate "2018.04.06"]
[EventType "tourn"]
[EventRounds "13"]
[EventCountry "POL"]
[SourceTitle "EXT 2021"]
[Source "ChessBase"]
[SourceDate "2020.10.23"]
[SourceVersion "1"]
[SourceVersionDate "2020.10.23"]
[SourceQuality "1"]

1. e4 e6 2. d4 d5 3. Nd2 Nf6 4. e5 Nfd7 5. Bd3 b6 6. Ne2 Be7 7. 0-0 0-0 8. Nf3 Ba6 9. c3 Bxd3 10. Qxd3 c5 11. Be3 Nc6 12. a3 c4 13. Qc2 b5 14. Nd2 a5 15. b4 cxb3 16. Qxb3 Rb8 17. f4 f5 18. Rfc1 Qe8 19. Nf3 h6 20. Qd1 Nb6 21. Nd2 a4 22. Rcb1 Na5 23. Qc1 Nac4 24. Nxc4 Nxc4 25. Ra2 Qf7 26. Rba1 Rfc8 27. Bf2 Qf8 28. Kh1 Kh7 29. g3 Qe8 30. Kg2 Qh5 31. Ng1 g5 32. Nh3 Na5 33. Qe3 Nb3 34. Rb1 g4 35. Ng1 Qe8 36. Ne2 Qc6 37. Qd3 Rb7 38. Be1 Qe8 39. Nc1 Na5 40. Rba1 Nc4 41. Qe2 Qf8 42. Nd3 Nxa3 43. Nb2 Nc4 44. Nxc4 Rxc4 45. Qd3 Kg7 46. Qb1 a3 47. Qd3 Qe8 48. Kg1 Qc6 49. Bd2 Rb8 50. Rb1 Rc8 51. Rb3 h5 52. Kg2 b4 53. cxb4 Rc2 54. Raxa3 Qc4 55. Kf2 Bxb4 56. Ra7+ Kg8 57. Qxc4 R8xc4 58. Ke3 Bxd2+ 59. Kd3 Bb4 60. Rxb4 R4c3# 0-1

[Event "Warsaw YMCA Spring-B 199th"]
[Site "Warsaw"]
[Date "2018.05.22"]
[Round "5"]
[White "Wojnowski, Jan"]
[Black "Mlynarski, Zbigniew"]
[Result "1/2-1/2"]
[WhiteElo "1576"]
[BlackElo "1618"]
[PlyCount "79"]
[EventDate "2018.04.06"]
[EventType "tourn"]
[EventRounds "13"]
[EventCountry "POL"]
[SourceTitle "EXT 2021"]
[Source "ChessBase"]
[SourceDate "2020.10.23"]
[SourceVersion "1"]
[SourceVersionDate "2020.10.23"]
[SourceQuality "1"]

1. e4 c5 2. Nf3 Nc6 3. Bb5 Qc7 4. 0-0 d6 5. h3 Nf6 6. Re1 Bd7 7. c3 0-0-0 8. d4 e6 9. Bf4 Qb6 10. Qd3 h6 11. Nbd2 g5 12. Bg3 Nh5 13. a4 Nxg3 14. fxg3 d5 15. e5 Be7 16. Reb1 h5 17. Bxc6 Qxc6 18. Ne1 f5 19. exf6 Bxf6 20. b4 c4 21. Qe3 b6 22. Nc2 Rde8 23. Nf3 Qc7 24. Ne5 Bxe5 25. dxe5 g4 26. h4 Ref8 27. Nd4 Qd8 28. Re1 Qe7 29. Ra2 Be8 30. Raa1 Rh7 31. Red1 Qd7 32. Rf1 Rhf7 33. b5 Rxf1+ 34. Rxf1 Rxf1+ 35. Kxf1 Bg6 36. Kg1 Qf7 37. Qf4 Qxf4 38. gxf4 Kd7 39. Kf2 Be4 40. g3 1/2-1/2

[Event "Warsaw YMCA Spring-B 199th"]
[Site "Warsaw"]
[Date "2018.04.12"]
[Round "2"]
[White "Wojnowski, Jan"]
[Black "Matyszkiewicz, Wiktor"]
[Result "0-1"]
[WhiteElo "1576"]
[BlackElo "1732"]
[PlyCount "126"]
[EventDate "2018.04.06"]
[EventType "tourn"]
[EventRounds "13"]
[EventCountry "POL"]
[SourceTitle "EXT 2021"]
[Source "ChessBase"]
[SourceDate "2020.10.23"]
[SourceVersion "1"]
[SourceVersionDate "2020.10.23"]
[SourceQuality "1"]

1. e4 e5 2. Nf3 Nc6 3. Bc4 Bc5 4. 0-0 Nf6 5. d3 0-0 6. Bg5 h6 7. Bh4 d6 8. h3 Be6 9. Nc3 Bxc4 10. dxc4 Nd4 11. Nd5 g5 12. Nxd4 Bxd4 13. c3 Bb6 14. Nxf6+ Qxf6 15. Bg3 Qg6 16. Qd3 a5 17. Kh1 h5 18. f3 Kg7 19. Bf2 Bxf2 20. Rxf2 f5 21. exf5 Rxf5 22. Raf1 b6 23. g3 Raf8 24. Kg1 Qe6 25. b3 R5f7 26. Kg2 Qg6 27. Qe2 Rf6 28. a4 Re8 29. Qe4 Qf5 30. Qc6 Re7 31. Qe4 Qd7 32. Qe3 Qf5 33. Qe4 Qg6 34. Re1 Ref7 35. Ref1 h4 36. g4 Rf4 37. Qxg6+ Kxg6 38. Re1 Kf6 39. Re4 Ke6 40. Rxf4 Rxf4 41. Re2 c6 42. Re4 Rf8 43. Re3 d5 44. cxd5+ cxd5 45. Kf2 Kd6 46. Ke2 d4 47. cxd4 exd4 48. Rd3 Kc5 49. Kf2 Kd5 50. Ke2 Ke5 51. Kd2 Rd8 52. Ke2 Rc8 53. Kd2 Rc7 54. Kd1 Rc5 55. Kd2 b5 56. axb5 Rxb5 57. Kc2 Rb4 58. Kc1 Kf4 59. Kc2 Kg3 60. Rd1 Kxh3 61. Re1 Rb5 62. Re4 Kg3 63. Rxd4 h3 0-1

[Event "Warsaw YMCA Autumn-B 191st"]
[Site "Warsaw"]
[Date "2017.11.28"]
[Round "11"]
[White "Wojnowski, Jan"]
[Black "Kalejta, Arkadiusz"]
[Result "1/2-1/2"]
[WhiteElo "1549"]
[BlackElo "1634"]
[PlyCount "70"]
[EventDate "2017.09.19"]
[EventType "tourn"]
[EventRounds "13"]
[EventCountry "POL"]
[SourceTitle "EXT 2019"]
[Source "ChessBase"]
[SourceDate "2018.10.10"]
[SourceVersion "1"]
[SourceVersionDate "2018.10.10"]
[SourceQuality "1"]

1. e4 e6 2. d4 d5 3. Nd2 Nf6 4. e5 Nfd7 5. Bd3 c5 6. c3 Nc6 7. Ne2 Qb6 8. Nf3 cxd4 9. cxd4 f6 10. exf6 Nxf6 11. 0-0 Bd6 12. Re1 0-0 13. Qc2 Nb4 14. Qd1 Nxd3 15. Qxd3 Bd7 16. a3 Bb5 17. Qb3 Qa6 18. Nf4 Bd7 19. Ne2 Rae8 20. Ng3 Ng4 21. Bd2 Kh8 22. Bb4 Ba4 23. Qa2 Bc2 24. Bxd6 Qxd6 25. b3 Rc8 26. Rac1 Be4 27. Rxc8 Rxc8 28. Ng5 Kg8 29. N5xe4 dxe4 30. Qe2 Nf6 31. Nxe4 Qxd4 32. Nxf6+ Qxf6 33. h3 Re8 34. Qb5 Qf7 35. Qc5 a6 1/2-1/2

[Event "Warsaw YMCA Autumn-B 191st"]
[Site "Warsaw"]
[Date "2017.11.22"]
[Round "10"]
[White "Kwiek, Janusz"]
[Black "Wojnowski, Jan"]
[Result "1/2-1/2"]
[WhiteElo "1546"]
[BlackElo "1549"]
[PlyCount "54"]
[EventDate "2017.09.19"]
[EventType "tourn"]
[EventRounds "13"]
[EventCountry "POL"]
[SourceTitle "EXT 2019"]
[Source "ChessBase"]
[SourceDate "2018.10.10"]
[SourceVersion "1"]
[SourceVersionDate "2018.10.10"]
[SourceQuality "1"]

1. Nf3 d5 2. d4 Nf6 3. c4 e6 4. Bg5 Be7 5. Nc3 0-0 6. e3 h6 7. Bh4 Ne4 8. Bxe7 Qxe7 9. Nxe4 dxe4 10. Nd2 f5 11. Be2 e5 12. d5 Nd7 13. 0-0 Nf6 14. g3 f4 15. exf4 exf4 16. gxf4 Bh3 17. Re1 e3 18. Bf3 exf2+ 19. Kxf2 Qd6 20. Re5 Nd7 21. Rh5 Bf5 22. Rh4 Qf6 23. Kg3 Qg6+ 24. Kf2 Qf6 25. Kg3 Qg6+ 26. Kf2 Qf6 27. Kg3 Qg6+ 1/2-1/2

[Event "Warsaw YMCA Autumn-B 191st"]
[Site "Warsaw"]
[Date "2017.10.26"]
[Round "6"]
[White "Jarmolowski, Tadeusz"]
[Black "Wojnowski, Jan"]
[Result "0-1"]
[WhiteElo "1699"]
[BlackElo "1549"]
[PlyCount "98"]
[EventDate "2017.09.19"]
[EventType "tourn"]
[EventRounds "13"]
[EventCountry "POL"]
[SourceTitle "EXT 2019"]
[Source "ChessBase"]
[SourceDate "2018.10.10"]
[SourceVersion "1"]
[SourceVersionDate "2018.10.10"]
[SourceQuality "1"]

1. e4 c5 2. c3 e6 3. d4 d5 4. e5 Nc6 5. Nf3 Bd7 6. Be2 cxd4 7. cxd4 Nge7 8. 0-0 Qb6 9. Nc3 Nf5 10. Na4 Qc7 11. g4 Nfe7 12. Bf4 Ng6 13. Bg3 Be7 14. Rc1 Rc8 15. a3 a6 16. b4 b5 17. Nc5 Bxc5 18. Rxc5 Qa7 19. Kg2 0-0 20. h4 Nge7 21. h5 h6 22. Bd3 f5 23. exf6 Rxf6 24. Bb1 Kf8 25. g5 hxg5 26. Nxg5 Ke8 27. Re1 Kd8 28. Bg6 Nxg6 29. hxg6 Ke7 30. Rxd5 Nxb4 31. Rxd7+ Qxd7 32. axb4 Qd5+ 33. Ne4 Rxg6 34. f3 Rc4 35. Kf1 Rxd4 36. Qc2 Rc4 37. Qf2 Qd3+ 38. Kg1 Rc2 39. Qa7+ Kf8 40. Qb8+ Ke7 41. Qb7+ Kf8 42. Qb8+ Ke7 43. Qb7+ Kd8 44. Qf7 Qd4+ 45. Kf1 Qd3+ 46. Kg1 Qd4+ 47. Kf1 Qd3+ 48. Kg1 Rxg3+ 49. Nxg3 Qd4+ 0-1

[Event "Warsaw YMCA Autumn-B 191st"]
[Site "Warsaw"]
[Date "2017.10.18"]
[Round "5"]
[White "Wojnowski, Jan"]
[Black "Kasperski, Marcin"]
[Result "1/2-1/2"]
[WhiteElo "1549"]
[BlackElo "1723"]
[PlyCount "53"]
[EventDate "2017.09.19"]
[EventType "tourn"]
[EventRounds "13"]
[EventCountry "POL"]
[SourceTitle "EXT 2019"]
[Source "ChessBase"]
[SourceDate "2018.10.10"]
[SourceVersion "1"]
[SourceVersionDate "2018.10.10"]
[SourceQuality "1"]

1. e4 c5 2. Nf3 Nc6 3. Bb5 e6 4. 0-0 Nge7 5. c3 a6 6. Bxc6 Nxc6 7. d4 d5 8. exd5 Qxd5 9. Be3 c4 10. Bf4 Be7 11. Re1 0-0 12. Nbd2 b5 13. a4 Bb7 14. Qe2 Rfe8 15. Qe4 Qxe4 16. Nxe4 b4 17. Nd6 Bxd6 18. Bxd6 bxc3 19. bxc3 Na5 20. Nd2 Bd5 21. Rab1 Nb3 22. Nxb3 cxb3 23. Rb2 Rec8 24. Bc5 Rab8 25. f3 f6 26. Kf2 Kf7 27. h3 1/2-1/2

[Event "POL Olympiad U14"]
[Site "Drzonkow"]
[Date "2017.04.08"]
[Round "9"]
[White "Wojnowski, Jan"]
[Black "Grochol, Kamil"]
[Result "1/2-1/2"]
[WhiteElo "1505"]
[BlackElo "1675"]
[PlyCount "77"]
[EventDate "2017.04.02"]
[EventType "swiss"]
[EventRounds "9"]
[EventCountry "POL"]
[SourceTitle "EXT 2020"]
[Source "ChessBase"]
[SourceDate "2019.10.17"]
[SourceVersion "1"]
[SourceVersionDate "2019.10.17"]
[SourceQuality "1"]

1. d4 d5 2. Nc3 Nf6 3. Bg5 Nbd7 4. Qd3 e6 5. e4 dxe4 6. Nxe4 Be7 7. Nf3 Nxe4 8. Bxe7 Nxf2 9. Bxd8 Nxd3+ 10. Bxd3 Kxd8 11. 0-0-0 Ke7 12. Rhe1 Nf6 13. c4 Rd8 14. Re2 Kf8 15. Kc2 b6 16. Rf1 Bb7 17. Kc3 Bxf3 18. Rxf3 Rd7 19. Bc2 Rad8 20. Rd3 b5 21. b3 bxc4 22. bxc4 Rb8 23. Rd1 c6 24. Ba4 Rc7 25. Bb3 Nd7 26. Rf1 Nb6 27. Rxe6 f6 28. Rfe1 Rd8 29. Rd1 Re8 30. Rxe8+ Kxe8 31. Re1+ Kd7 32. Re3 f5 33. Bc2 g6 34. g3 Rc8 35. Bb3 Rc7 36. Bc2 Rc8 37. Bb3 Rc7 38. Bc2 Rc8 39. Bb3 1/2-1/2

[Event "POL Olympiad U14"]
[Site "Drzonkow"]
[Date "2017.04.06"]
[Round "7"]
[White "Ciesielski, Maciej"]
[Black "Wojnowski, Jan"]
[Result "0-1"]
[WhiteElo "1424"]
[BlackElo "1505"]
[PlyCount "52"]
[EventDate "2017.04.02"]
[EventType "swiss"]
[EventRounds "9"]
[EventCountry "POL"]
[SourceTitle "EXT 2020"]
[Source "ChessBase"]
[SourceDate "2019.10.17"]
[SourceVersion "1"]
[SourceVersionDate "2019.10.17"]
[SourceQuality "1"]

1. e4 c5 2. f4 Nc6 3. Nf3 g6 4. Nc3 Bg7 5. d3 e6 6. Be3 d6 7. Qd2 Nge7 8. Rb1 0-0 9. Be2 b6 10. h4 d5 11. Bf2 Bb7 12. Ng5 h6 13. Nf3 dxe4 14. Nxe4 Nf5 15. g4 Nfd4 16. c3 Nxe2 17. Kxe2 Ne7 18. h5 c4 19. Bd4 Qd5 20. Qe3 cxd3+ 21. Kxd3 f5 22. gxf5 Nxf5 23. Qe2 Ba6+ 24. Kc2 Bxe2 25. Bxg7 Qxe4+ 26. Kc1 Kxg7 0-1

[Event "POL Olympiad U14"]
[Site "Drzonkow"]
[Date "2017.04.06"]
[Round "6"]
[White "Wojnowski, Jan"]
[Black "Ossolinski, Ziemowit"]
[Result "0-1"]
[WhiteElo "1505"]
[BlackElo "1790"]
[PlyCount "126"]
[EventDate "2017.04.02"]
[EventType "swiss"]
[EventRounds "9"]
[EventCountry "POL"]
[SourceTitle "EXT 2020"]
[Source "ChessBase"]
[SourceDate "2019.10.17"]
[SourceVersion "1"]
[SourceVersionDate "2019.10.17"]
[SourceQuality "1"]

1. d4 Nf6 2. Nc3 d6 3. e4 Nbd7 4. Nf3 e5 5. Bg5 c6 6. Qd2 h6 7. Be3 Qc7 8. Be2 Be7 9. h3 Nb6 10. Nh2 Be6 11. 0-0 Nc4 12. Bxc4 Bxc4 13. Rfe1 0-0 14. b3 Ba6 15. f3 Rfd8 16. d5 cxd5 17. Nxd5 Nxd5 18. exd5 Rf8 19. a4 b6 20. c4 f5 21. Bf2 Bg5 22. Be3 Bxe3+ 23. Qxe3 f4 24. Qf2 Qc5 25. Re4 Bc8 26. Qxc5 bxc5 27. Nf1 Bf5 28. Ree1 Rab8 29. Nd2 Rb7 30. Ra3 Rfb8 31. Rc1 g5 32. Rc3 h5 33. Ne4 Bxe4 34. fxe4 Kg7 35. Kf2 Kg6 36. Kf3 a5 37. Rd3 Kh6 38. Kf2 h4 39. Rc3 Kh5 40. Rd3 g4 41. Rc3 Rg7 42. Ra1 Rbg8 43. Rg1 gxh3 44. Rxh3 Rg3 45. Kf1 f3 46. Rxg3 Rxg3 47. gxf3 Rxf3+ 48. Ke2 Rxb3 49. Rg8 Rb4 50. Rd8 Rxc4 51. Rxd6 Rxe4+ 52. Kf3 Rxa4 53. Re6 e4+ 54. Ke3 Rd4 55. Re5+ Kg6 56. d6 Rxd6 57. Rxc5 Ra6 58. Kxe4 a4 59. Kf4 a3 60. Rc1 a2 61. Ra1 Ra4+ 62. Kf3 Kf5 63. Kg2 Ke5 0-1